1871 1914 1782 1654 1793 1700 1725 1736 1594 1501 1137 1196 1629 1040 1558 1502 1847 1372 1133 1901 1462 1357 1453 1789 1636 1552 1723 1386 1625 1997 1756 1611 1914 1231 1008 1973 1733 1658 1424 1231 1737 1834 1532 1811 1646 1340 1305 1004 1935 1265 1368 1414 1569 1285 1518 1052 1300 1715 1106 1990 1332 1154 1281 1856 1395 1159 1360 1863 1645 1921 1666 1418 1860 1799 1658 1719 1117 1627 1032 1615 1604 1190 1348 1892 1201 1155 1786 1833 1707 1612 1419 1354 1203 1936 1463 1663 1325 1030 1906 BCNSPRNW ULIB Ver.6.0+V

เปลี่ยนเป็นภาษาไทย

Change to English
 แสดงรายละเอียดบรรณานุกรม
  กลับหน้าหลัก

Brief Record : Get Marc (ISO 2709) : E-mail record : QR code < ปิดหน้าต่าง
LEADER : 00000nam 2200000uu 4500
001    13399111853
003     ULIB
008    110627s2552||||th 000 0 tha d
020    978611500005
090    นว.^bณ429ร 2552
100 0  ณารา
245 00 รอยรักหักเหลี่ยมตะวัน/^cณารา
250    พิมพ์ครั้งที่ 4
260    กรุงเทพฯ :^bพิมพ์คำ,^c2552
300    550 หน้า
945    ^p340^l0^i026734
995    ทศพร
999 ^a ใช้งานได้ทุกระบบ
รายการนี้ยังไม่มีแท็ก
คุณยังไม่ได้ล็อกอิน คุณสามารถมีกิจกรรมร่วมกับเว็บไซต์ได้ แต่ต้องล็อกอินก่อน ::
  ล็อกอิน

รายการสื่อสารสนเทศ

ลำดับที่ ประเภท เลขเรียก/บาร์โค้ด สถานที่ สถานะ
- ไม่พบข้อมูล -

รายการใกล้เคียง
    ผู้แต่ง [ณารา]

BibComment


ยังไม่เคยถูกคอมเมนท์

คอมเมนท์ทรัพยากรรายการนี้
  คอมเมนท์: รอยรักหักเหลี่ยมต..


 Copyright 2026. Bcnsprnw @Library